| 000 | 00368nam a2200169Ia 4500 | ||
|---|---|---|---|
| 100 | _aDaly/James C/ Galipeau/Denis P | ||
| 650 | _aDesign | ||
| 942 | _cBK | ||
| 366 | _f20 | ||
| 654 | _abicmos | ||
| 245 | _aAnalog Bicmos design | ||
| 260 |
_bIndustrial Press _aNew York _c2006 |
||
| 082 |
_a658.403/DAL _bDAL |
||
| 300 | _a416 | ||
| 546 | _aENGLISH | ||
| 999 |
_c29048 _d29048 |
||